Kareemul Lughat (Record no. 8562)

MARC details
000 -LEADER
fixed length control field 00630nam a2200253 a 4500
020 ## - INTERNATIONAL STANDARD BOOK NUMBER
ISBN
082 00 - DEWEY DECIMAL CLASSIFICATION NUMBER
Classification number 491.4393
Author Cutter KAR
100 ## - MAIN ENTRY--AUTHOR NAME
Author name Kareemuddin,
245 ## - TITLE STATEMENT
Title Kareemul Lughat
260 ## - PUBLICATION, DISTRIBUTION, ETC. (IMPRINT)
Place of publication Kanpur
Name of publisher Matba-E-Razzaqi
Year of publication 1861
300 ## - PHYSICAL DESCRIPTION
Number of Pages 296p
500 ## - GENERAL NOTE
General note includes index and biblioraphy
505 2# - FORMATTED CONTENTS NOTE
Formatted contents note printed from The Muslim World, lxi, no.3, 1971
650 ## - SUBJECT ADDED ENTRY--TOPICAL TERM
Topical Term Dictionary-Urdu
650 ## - SUBJECT ADDED ENTRY--TOPICAL TERM
Topical Term Urdu-Dictionary
942 ## - ADDED ENTRY ELEMENTS (KOHA)
Koha item type Books
700 1# -
-- Kareemuddin,
Holdings
Collection code Home library Current library Date acquired Cost, normal purchase price Full call number Accession Number Koha item type
  Henry Martyn Institute Library Henry Martyn Institute Library 06/07/2007 100.00 491.4393 KAR 013642 Books
                   Copyright © 2026 | Henry Martyn Institute | Hyderabad | TS-500052 | INDIA | Implemented by hmi.edu.in
Hit-Count:

Powered by Koha